Teaching mathematics : (Record no. 182073)

000 -LEADER
fixed length control field 01638 a2200205 4500
003 - CONTROL NUMBER IDENTIFIER
control field NUST
005 - DATE AND TIME OF LATEST TRANSACTION
control field 20221110120130.0
010 ## - LIBRARY OF CONGRESS CONTROL NUMBER
LC control number 80050976
020 ## - INTERNATIONAL STANDARD BOOK NUMBER
International Standard Book Number 0395307066
040 ## - CATALOGING SOURCE
Transcribing agency Nust
082 00 - DEWEY DECIMAL CLASSIFICATION NUMBER
Classification number 512.1,REI
100 1# - MAIN ENTRY--PERSONAL NAME
Personal name Reisman, Fredricka K.
9 (RLIN) 102497
245 10 - TITLE STATEMENT
Title Teaching mathematics :
Remainder of title methods and content /
Statement of responsibility, etc. Fredricka K. Reisman.
250 ## - EDITION STATEMENT
Edition statement 2nd ed.
260 ## - PUBLICATION, DISTRIBUTION, ETC.
Place of publication, distribution, etc. Boston :
Name of publisher, distributor, etc. Houghton Mifflin,
Date of publication, distribution, etc. c1981.
300 ## - PHYSICAL DESCRIPTION
Extent xvi, 512 p. :
Other physical details ill. ;
Dimensions 25 cm.
505 ## - FORMATTED CONTENTS NOTE
Formatted contents note Reconciling Modern Math, Back-to-Basics, and Teaching Mathematics Today (Page-1), Whole Numbers and the Concept of Set (Page-17), Teaching Place Value (Page-37), Addition of Whole Numbers (Page-69), Addition Algorithms (Page-88), Multiplication of Whole Numbers (Page-99), Multiplication Algorithms (Page-125), Extending Whole Numbers to Negative Numbers (Page-142), Subtraction (Page-158), Subtraction Algorithms (Page-175), Division Algorithms (Page-208), Prime and Composite Whole Numbers (Page-231), Rational Numbers and Fraction Concepts (Page-241), Renaming Fractions (Page-259), Computation with Fractions (Page-279), Decimals and How to Write Them (Page-304), Computation with Decimals (Page-324), Whole Numbers Extended Estimation, Rounding, Simplifying Expressions, and Exponents (Page-332), Nonmetric Geometry Figurate Numbers, Relations, and Graphs (Page-347), Transformational Geometry and Topological Relationships (Page-378), Measurement Including Metric Geometry (Page-404Mathematical Applications (Page-438), Solving Word Problems (Page-457).
650 #0 - SUBJECT ADDED ENTRY--TOPICAL TERM
Topical term or geographic name entry element Mathematics
General subdivision Study and teaching (Elementary)
9 (RLIN) 102188
942 ## - ADDED ENTRY ELEMENTS (KOHA)
Source of classification or shelving scheme
Koha item type Book
Call number prefix 512.1,REI
Holdings
Withdrawn status Lost status Source of classification or shelving scheme Damaged status Not for loan Permanent Location Current Location Shelving location Date acquired Full call number Barcode Date last seen Price effective from Koha item type Public note
          Military College of Signals (MCS) Military College of Signals (MCS) General Stacks 12/12/2016 512.1,REI MCS7670 12/08/2016 12/12/2016 Book Almirah No.11, Shelf No.1
© 2023 Central Library, National University of Sciences and Technology. All Rights Reserved.